| Tag |
First Indicator |
Second Indicator |
Subfields |
| LEADER |
00000cas a22000007a 4500 |
| 001 |
in00002363333 |
| 005 |
20151108092651.0 |
| 006 |
m d |
| 007 |
cr cn||||||||| |
| 008 |
080304c20079999mduqr pss 0 a0eng c |
| 010 |
|
|
|a 2005214976
|
| 022 |
0 |
|
|a 1557-055X
|2 1
|y 1557-0541
|
| 029 |
1 |
|
|a AU@
|b 000027858332
|
| 029 |
1 |
|
|a NZ1
|b 9904376
|
| 029 |
1 |
|
|a AU@
|b 000043711241
|
| 029 |
1 |
|
|a NZ1
|b 13116357
|
| 035 |
|
|
|a (OCoLC)ocm61125729
|
| 035 |
|
|
|a (OCoLC)61125729
|
| 037 |
|
|
|b Johns Hopkins University Press, 2715 N. Charles St., Baltimore, MD 21218
|
| 040 |
|
|
|a NSD
|c NSD
|d DLC
|d MUQ
|d NSD
|d OCLCQ
|d CFI
|d OCLCQ
|d TXA
|d UtOrBLW
|
| 042 |
|
|
|a nsdp
|a lcd
|
| 049 |
|
|
|a TXAM
|
| 050 |
|
4 |
|a RA11
|b .P76 Electronic
|
| 082 |
1 |
0 |
|a 362.1
|2 14
|
| 130 |
0 |
|
|a Progress in community health partnerships (Online)
|
| 210 |
0 |
|
|a Prog. community health partnersh.
|b (Online)
|
| 222 |
|
0 |
|a Progress in community health partnerships
|b (Online)
|
| 245 |
1 |
0 |
|a Progress in community health partnerships.
|
| 264 |
|
1 |
|a Baltimore, Md. :
|b Johns Hopkins University Press,
|c 2007-
|
| 310 |
|
|
|a Quarterly
|
| 336 |
|
|
|a text
|b txt
|2 rdacontent
|
| 337 |
|
|
|a computer
|b c
|2 rdamedia
|
| 338 |
|
|
|a online resource
|b cr
|2 rdacarrier
|
| 362 |
0 |
|
|a Vol. 1.1 (spring 2007)-
|
| 538 |
|
|
|a Mode of access: World Wide Web.
|
| 500 |
|
|
|a Electronic resource.
|
| 650 |
|
0 |
|a Public health
|v Periodicals.
|
| 650 |
|
0 |
|a Public health
|x Research
|x Citizen participation
|v Periodicals.
|
| 650 |
|
0 |
|a Community health services
|x Research
|v Periodicals.
|
| 650 |
|
2 |
|a Public Health
|v Periodicals.
|
| 650 |
|
2 |
|a Community Health Services
|x Research
|v Periodicals.
|
| 650 |
1 |
2 |
|a Community Networks
|v Periodicals.
|
| 650 |
2 |
2 |
|a Community Health Services
|v Periodicals.
|
| 650 |
2 |
2 |
|a Medically Underserved Area
|v Periodicals.
|
| 650 |
|
6 |
|a Santé, Services communautaires de
|v Périodiques.
|
| 650 |
|
6 |
|a Santé publique
|v Périodiques.
|
| 776 |
0 |
8 |
|i Also issued in print:
|t Progress in community health partnerships
|x 1557-0541
|w (DLC) 2005214975
|w (OCoLC)61125691
|
| 949 |
|
|
|a updated
|b h
|c 2010/1/13
|e vilik
|f 1:38:42 pm
|
| 994 |
|
|
|a C0
|b TXA
|
| 999 |
|
|
|a MARS
|
| 999 |
f |
f |
|s 7b54fbd0-fc1c-34e7-954a-e8036b9fed73
|i a479e76a-4ca5-3bfb-a668-72deaea8c7f1
|t 0
|
| 952 |
f |
f |
|a Texas A&M University
|b College Station
|c Electronic Resources
|d Available Online
|t 0
|e RA11 .P76
|g Electronic
|h Library of Congress classification
|
| 998 |
f |
f |
|a RA11 .P76
|t 0
|l Available Online
|